00742nam a2200241Ia 450000100060000000300090000600800410001504000130005604000130006904100130008210000190009510000290011424500540014324500540019725000110025126000110026226000100027326000490028330000410033250000680037365000280044165000310046916557IT-RoPAU130308s9999 xx 000 0 und d aIT-RoPAU cIT-RoPAU aITALIANO aAlberti Walter gCodice Aut. SPICS: 10022 aTragedia della miniera (La)-Un film di G.W. Pabst bTragedia della miniera (La)-Un Film di G.W. Pabst a1a ed. aPADOVA bRadar c1969 [1° Ed.:1969 - Ed.Ling.Originale:1969] a"64 p. (prefazione: no ; testo: 64)" aAnalisi del Film di Pabst Biofilmografia di Georg Wilhelm Pabst aAUTORI/OPERE DEL CINEMA eCodice materia Spics: 6807